• 首页
  • 本馆介绍
  • 公告通知
  • 最新文献
  • 馆藏检索
  • 电子资源
  • 读者导购
  • 参考咨询
  • 我的图书馆
  • 登录
  • 详细信息显示
  • 放入我的书架
  • 预约/预借图书
  • 作者相关作品
  • 分类相关作品
  • 丛书相关作品
  • 出版社相关作品

书目信息

  • 表格格式
  • 工作单格式
  • 卡片格式
题名:
轻松玩转手机摄影
    
 
作者: 胡婷 , 雷波 著
分册:  
出版信息: 北京   人民邮电出版社  2021.2
页数: 208页
开本: 24cm
丛书名:
单 册:
中图分类: J41 , TN929.53
科图分类:
主题词: 移动电话机--摄影技术
电子资源:
ISBN: 978-7-115-43939-0
000 00937nam0 2200265 45
001 012001001170
005 20130910162345.0
010    @a978-7-115-43939-0@dCNY49.00
099    @aCAL 012016164395
100    @a20161216d2016 em y0chiy0110 ea
101 0  @achi
102    @aCN@b110000
105    @aa z 000yy
106    @ar
200 1  @a轻松玩转手机摄影@Aqing song wan zhuan shou ji she ying@f胡婷, 雷波著
210    @a北京@c人民邮电出版社@d2021.2
215    @a208页@c彩图@d24cm
330    @a本书所涵盖的内容包括基础的手机摄影曝光、对焦、感光度、连拍、全景拍摄等实操性知识,专业的构图、用光、色彩方面的摄影理论,人像、风光、建筑、美食、动物、花卉等常见拍摄题材的实战拍摄技巧,以及若干个十分有趣的后期修图App。
606 0  @a移动电话机@x摄影技术
690    @aJ41@v5
690    @aTN929.53@v5
701  0 @a胡婷@Ahu ting@4著
701  0 @a雷波@Alei bo@4著
801    @aCN@b江苏凤凰@c20211018
905    @b1342459-62@dJ41@e439@f4
    
    轻松玩转手机摄影/胡婷, 雷波著.-北京:人民邮电出版社,2021.2
    208页:彩图;24cm
    
    
    ISBN 978-7-115-43939-0:CNY49.00
    本书所涵盖的内容包括基础的手机摄影曝光、对焦、感光度、连拍、全景拍摄等实操性知识,专业的构图、用光、色彩方面的摄影理论,人像、风光、建筑、美食、动物、花卉等常见拍摄题材的实战拍摄技巧,以及若干个十分有趣的后期修图App。
●
相关链接 在E读中查询图书 在五车中查询图书 在当当中查询图书 在豆瓣中查询图书


正题名:轻松玩转手机摄影     索取号:J41/439         预约/预借

序号 登录号 条形码 馆藏地/架位号 状态 备注
1 1342459   213424597   第一样本阅览室/ [索取号:J41/439] 在馆    
2 1342460   213424604   第一借阅区/ [索取号:J41/439] 在馆    
3 1342461   213424613   第一借阅区/ [索取号:J41/439] 在馆    
4 1342462   213424622   第一借阅区/ [索取号:J41/439] 在馆    
唐山师范学院图书馆 欢迎您!
大连网信软件有限公司© 版权所有